[Event "TCh-BEL 2005-6"]
[Site "Belgium BEL"]
[Date "2005.10.23"]
[Round "2"]
[White "Van Heirzeele,D"]
[Black "Lanneau,B"]
[Result "1/2-1/2"]
[WhiteElo "2244"]
[BlackElo "2192"]

1.d4 d6 2.Nf3 g6 3.c4 Nf6 4.Nc3 Bg7 5.e4 O-O 6.Be2 e5 7.Be3 Ng4 8.Bg5 f6
9.Bc1 Nc6 10.d5 Ne7 11.h3 Nh6 12.h4 Nf7 13.h5 f5 14.hxg6 Nxg6 15.g3 Bf6 16.Bd2 Ng5
17.Qc2 Nxf3+ 18.Bxf3 Bg5 19.Bxg5 Qxg5 20.Rh5 Qf6 21.O-O-O f4 22.g4 Rf7 23.Rdh1 a6
24.Qd1 Bd7 25.Qg1 Qe7 26.Qh2 Rg7 27.g5  1/2-1/2

[Event "Independence Day Women"]
[Site "Sheki AZE"]
[Date "2005.10.23"]
[Round "9"]
[White "Javakhishvili,L"]
[Black "Umudova,N"]
[Result "1-0"]
[WhiteElo "2410"]
[BlackElo "2101"]

1.d4 Nf6 2.c4 d6 3.Nf3 g6 4.Nc3 Bg7 5.e4 O-O 6.Be2 e5 7.Be3 Ng4 8.Bg5 f6
9.Bh4 Nc6 10.d5 Ne7 11.Nd2 h5 12.h3 Nh6 13.g4 g5 14.Bg3 h4 15.Bh2 Ng6 16.f3 Nf7
17.Bg1 Nf4 18.c5 dxc5 19.Bxc5 Re8 20.Bb5 c6 21.Bc4 b5 22.Bf1 cxd5 23.Nxb5 d4
24.b4 Bf8 25.Nb3 Bxc5 26.Nxc5 Qb6 27.Rb1 a5 28.a3 Ne6 29.Qc2 axb4 30.axb4 Nxc5
31.bxc5 Qa5+ 32.Kf2 Be6 33.Be2 Rec8 34.Rhc1 Rc6 35.Qd3 Nh8 36.Nd6 Ng6 37.Qb5 Qc7
38.Bc4 Nf4 39.Bxe6+ Nxe6 40.Qc4 Rxd6 41.cxd6 Qxc4 42.Rxc4 Rd8 43.Rb7 Kf8
44.Rc6 Nf4 45.Rcc7 Nxh3+ 46.Ke1 Nf4 47.Rf7+ Kg8 48.Rg7+ Kh8 49.Rh7+ Kg8 50.Rbg7+ Kf8
51.Rf7+ Kg8 52.Rhg7+ Kh8 53.d7 h3 54.Re7 d3 55.Kd2 Ra8 56.Rh7+ Kg8 57.Rhg7+ Kh8
58.Rgf7 Kg8 59.Re8+ Kxf7 60.Rxa8 Ne6 61.d8=Q Nxd8 62.Rxd8 Kg7 63.Ra8  1-0

[Event "Chigorin Mem"]
[Site "St Petersburg RUS"]
[Date "2005.10.23"]
[Round "9"]
[White "Chernov,Vl3"]
[Black "Shapovalenko,M"]
[Result "0-1"]
[WhiteElo "2009"]
[BlackElo "2227"]

1.c4 Nf6 2.Nc3 g6 3.e4 d6 4.d4 Bg7 5.Nf3 O-O 6.Be2 e5 7.dxe5 dxe5 8.Qxd8 Rxd8
9.Bg5 Re8 10.Rd1 h6 11.Bc1 Na6 12.O-O Nc5 13.b4 Ncxe4 14.Nb5 Be6 15.Bb2 Rac8
16.Bxe5 c6 17.Na3 Bg4 18.Ba1 Ng5 19.h3 Rxe2 20.hxg4 Rxa2 21.Bxf6 Bxf6 22.Nxg5 hxg5
23.Nb1 Rb2 24.Nd2 Re8 25.Nf3 Rxb4 26.Rb1 c5 27.Rxb4 cxb4 28.Rb1 Bc3 29.Kf1 a5  0-1

[Event "SCG First League m"]
[Site "Vrnjacka Banja SCG"]
[Date "2005.10.23"]
[Round "7"]
[White "Damljanovic,B"]
[Black "Popadic,Dr"]
[Result "1-0"]
[WhiteElo "2609"]
[BlackElo "2287"]

1.d4 Nf6 2.c4 g6 3.Nc3 Bg7 4.e4 d6 5.Nf3 O-O 6.Be2 e5 7.Be3 Ng4 8.Bg5 f6
9.Bh4 g5 10.Bg3 Nh6 11.h3 Nf7 12.d5 a5 13.Nd2 Na6 14.a3 Bd7 15.O-O Nh8 16.Rb1 Ng6
17.b4 axb4 18.axb4 f5 19.exf5 Bxf5 20.Nde4 Nf4 21.Bg4 Bg6 22.Re1 Qe7 23.Rb3 Kh8
24.b5 Nc5 25.Nxc5 dxc5 26.b6 Nd3 27.bxc7 Qxc7 28.Re3 Nf4 29.Bf3 Rfd8 30.Be4 Bh5
31.Qb1 Rd7 32.Bxh7 e4 33.Bxe4 Qb8 34.Kh2 Bd4 35.Bf5 Rf7 36.Be6 Rg7 37.Qf5 Qe8
38.Nb5 Bxe3 39.Rxe3 Qf8 40.Qe5 Be8 41.Rf3 Bxb5 42.Rxf4  1-0

[Event "SCG First League m"]
[Site "Vrnjacka Banja SCG"]
[Date "2005.10.25"]
[Round "9"]
[White "Laketic,G"]
[Black "Djukic,Ni"]
[Result "0-1"]
[WhiteElo "2479"]
[BlackElo "2537"]

1.d4 Nf6 2.c4 g6 3.Nc3 Bg7 4.e4 d6 5.Nf3 O-O 6.Be2 e5 7.d5 a5 8.Bg5 h6 9.Bh4 Na6
10.Nd2 Qe8 11.a3 Bd7 12.b3 Nh7 13.Qc2 h5 14.f3 Bh6 15.O-O f5 16.Kh1 Be3 17.exf5 gxf5
18.Rae1 Qg6 19.Nd1 Bc5 20.f4 e4 21.Nb1 Rf7 22.Qc3 Rg7 23.g3 c6 24.Qxa5 cxd5
25.cxd5 Be8 26.Qd2 Nc7 27.b4 Bb6 28.Ne3 Bxe3 29.Qxe3 Nxd5 30.Bc4 Bf7 31.Qd4 Nc7
32.Be2 d5 33.Qe5 Ne8 34.Nc3 Nhf6 35.Nb5 Nd7 36.Qd4 Nb8 37.Rc1 Nc6 38.Qb2 Rh7
39.Rfd1 Qg7 40.Qd2 Be6 41.Qe3 Qb2 42.Rb1 Qh8 43.Rb3 Rd7 44.Nd4 Nxd4 45.Rxd4 Nc7
46.Rc3 Bf7 47.Rd1 d4 48.Qc1 d3 49.Rxc7 Rxc7 50.Qxc7 dxe2 51.Rd8+ Rxd8 52.Qxd8+ Kh7
53.Qxh8+ Kxh8 54.g4 hxg4 55.Kg2 e3 56.Be1 Bd5+ 57.Kg3 b5 58.Kh4 Kg7 59.Kg5 Be4  0-1

[Event "II Open"]
[Site "Calvia ESP"]
[Date "2005.10.27"]
[Round "8"]
[White "Pogorelov,R"]
[Black "Larino Nieto,D"]
[Result "0-1"]
[WhiteElo "2439"]
[BlackElo "2325"]

1.Nf3 Nf6 2.c4 g6 3.Nc3 Bg7 4.e4 d6 5.d4 O-O 6.Be2 e5 7.O-O Na6 8.Be3 Ng4
9.Bg5 Qe8 10.c5 f6 11.Bc1 dxc5 12.Bxa6 bxa6 13.d5 f5 14.Re1 f4 15.b3 h6 16.Ba3 g5
17.Bxc5 Rf7 18.b4 Nf6 19.Qa4 Bd7 20.Qxa6 g4 21.Nh4 Nh7 22.Rad1 Rf6 23.Qc4 Kh8
24.d6 c6 25.Nf5 Ng5 26.Qd3 Qh5 27.Kh1 Rg8 28.Ne7 Rgf8 29.b5 g3 30.fxg3 f3
31.Nf5 fxg2+ 32.Kxg2 Qh3+ 33.Kh1 Rxf5 34.exf5 Rxf5 35.Rf1 e4 36.Nxe4 Nxe4
37.Rxf5 Qxf5 38.Bxa7 cxb5 39.Kg1 Qg4 40.Bd4 Ng5 41.Bxg7+ Kxg7 42.h4 Nf3+
43.Kf2 Ne5 44.Qe3 Qxd1 45.Qxe5+ Kg8 46.a3 Qd2+ 47.Kg1 Qc1+ 48.Kf2 Qxa3 49.Qd5+ Kf8
50.Qd4 Qa2+ 51.Ke1 Kg8 52.Qb6 Kf7 53.Qf2+ Qxf2+ 54.Kxf2 Ke6  0-1

[Event "SCG First League m"]
[Site "Vrnjacka Banja SCG"]
[Date "2005.10.27"]
[Round "11"]
[White "Kosic,D"]
[Black "Tosic,M"]
[Result "1-0"]
[WhiteElo "2489"]
[BlackElo "2429"]

1.d4 Nf6 2.Nf3 g6 3.c4 Bg7 4.Nc3 O-O 5.e4 d6 6.Be2 e5 7.Be3 exd4 8.Nxd4 Re8
9.f3 c6 10.Bf2 Na6 11.O-O Nh5 12.Qd2 Be5 13.g3 Bh3 14.Rfd1 Qf6 15.Qh6 Qg7
16.Qxg7+ Bxg7 17.Bf1 Bxf1 18.Kxf1 Nf6 19.Kg2 Bf8 20.Rac1 Nd7 21.b3 Nac5 22.b4 Ne6
23.Nb3 Nb6 24.Na5 Rab8  1-0

[Event "Autumn Open"]
[Site "St Petersburg RUS"]
[Date "2005.10.29"]
[Round "1"]
[White "Kharlamov,I2"]
[Black "Zacurdajev,D"]
[Result "0-1"]
[WhiteElo "1942"]
[BlackElo "2249"]

1.d4 Nf6 2.Nf3 g6 3.c4 Bg7 4.Nc3 O-O 5.e4 d6 6.Be2 e5 7.dxe5 dxe5 8.Qxd8 Rxd8
9.Bg5 Re8 10.Nd5 Nxd5 11.cxd5 f5 12.Rc1 c6 13.Bc4 Kh8 14.Be3 h6 15.O-O Rd8
16.Rfd1 fxe4 17.Nd2 Bg4 18.f3 exf3 19.gxf3 Bh5 20.dxc6 Nxc6 21.Kg2 Nd4 22.Bxd4 Rxd4
23.Ne4 Rf8 24.Rf1 g5 25.h3 Bg6 26.Rfe1 Bh5 27.Rf1 Bf6 28.Be6 Bd8 29.Bg4 Bg6
30.Be6 Bb6 31.Rc8 Bd8 32.Rc4 Rd3 33.Rc3 Bxe4 34.fxe4 Rd2+ 35.Kg3 Rxf1 36.Rc8 Rf8
37.Kg4 Kg7 38.Rb8 Rxb2 39.Bb3 Kg6 40.Rxb7 Rg2+  0-1

[Event "Autumn Open"]
[Site "St Petersburg RUS"]
[Date "2005.10.31"]
[Round "3"]
[White "Kharlamov,I2"]
[Black "Akatova,E"]
[Result "1-0"]
[WhiteElo "1942"]
[BlackElo "2151"]

1.d4 Nf6 2.Nf3 g6 3.c4 Bg7 4.Nc3 O-O 5.e4 d6 6.Be2 e5 7.dxe5 dxe5 8.Qxd8 Rxd8
9.Bg5 Re8 10.Nd5 Nxd5 11.cxd5 h6 12.Be3 f5 13.Nd2 c6 14.Bc4 Kh7 15.f3 Bd7
16.O-O cxd5 17.Bxd5 Bc6 18.Rfd1 Bxd5 19.exd5 Nd7 20.Rac1 Nf6 21.Nc4 f4 22.Bc5 b6
23.Ba3 Red8 24.Nxe5 Rxd5 25.Nc6 Rxd1+ 26.Rxd1 a5 27.Rd6 b5 28.b3 Ra6 29.Nd4 Ra7
30.Nxb5 Rb7 31.Nd4 Bf8 32.Rxf6 Bxa3 33.Rxf4 Rc7 34.Kf2 Bd6 35.Re4 Rc1 36.Re2 Bxh2
37.Rc2 Rd1 38.Ne2 Bd6 39.Ng3 h5 40.Ne4 Be5 41.Rd2 Ra1 42.Ke3 Kh6 43.a4 Rb1
44.Nc5 g5 45.Ke4 Bf4 46.Rc2 Bd6 47.Nb7 Bb4 48.Rc6+ Kg7 49.Nc5 g4 50.fxg4 hxg4
51.Kf4 Rb2 52.g3 Bxc5 53.Rxc5 Rxb3 54.Rxa5 Rb4+ 55.Kg5 Kh7 56.Ra7+ Kg8 57.a5 Rc4
58.a6 Ra4 59.Kg6 Kf8 60.Ra8+ Ke7 61.a7 Ra6+ 62.Kg5  1-0

[Event "8th IM ZNG111"]
[Site "Kostrena CRO"]
[Date "2005.11.03"]
[Round "10"]
[White "Savic,Mir"]
[Black "Ramesa,D"]
[Result "1-0"]
[WhiteElo "2254"]
[BlackElo "2226"]

1.Nf3 Nf6 2.c4 g6 3.Nc3 Bg7 4.e4 d6 5.d4 O-O 6.Be2 e5 7.O-O Na6 8.Bg5 h6
9.Bh4 Qe8 10.dxe5 dxe5 11.Qd2 g5 12.Bg3 Nh7 13.Rfe1 b6 14.Rad1 Bb7 15.a3 Nc5
16.Qc2 g4 17.Nh4 h5 18.b4 Ne6 19.Nf5 Nd4 20.Nxd4 exd4 21.Nd5 Rc8 22.Bd3 Be5
23.Qd2 c6 24.Qh6 Bg7 25.Qxh5 f5 26.Qxe8 Rfxe8 27.Nf4 fxe4 28.Bxe4 Nf6 29.Bf5 Rxe1+
30.Rxe1 Rd8 31.Ne6 Rd7 32.Nxg7 Rxg7 33.Be6+ Kh7 34.Be5 Kg6 35.Bxd4 c5 36.bxc5 bxc5
37.Bc3 Ba8 38.Bxg4 Nxg4 39.Bxg7 Kxg7 40.Re7+  1-0

[Event "Autumn Open"]
[Site "St Petersburg RUS"]
[Date "2005.11.03"]
[Round "6"]
[White "Novikov,MiV"]
[Black "Kulikov,E"]
[Result "1/2-1/2"]
[WhiteElo "2370"]
[BlackElo "2248"]

1.d4 g6 2.c4 Bg7 3.Nc3 d6 4.Nf3 Nf6 5.e4 O-O 6.Be2 e5 7.O-O Nbd7 8.Re1 c6
9.Bf1 a5 10.Rb1 Re8 11.d5 Nc5 12.Nd2 Bh6 13.Nb3 Bxc1 14.Rxc1 Nxb3 15.Qxb3 c5
16.Rb1 Ng4 17.f3 Nh6 18.Qc2 f5 19.a3 fxe4 20.fxe4 Rf8 21.h3 Qh4 22.Qd2 Bd7
23.Re3 Rf7 24.Qe1 Qxe1 25.Rbxe1 Ra6 26.Rd1 Kf8 27.Rd2 Ng8 28.Be2 Nf6 29.Rf3 g5
30.Rf1 Ng8 31.Bd1 Rxf1+ 32.Kxf1 Nf6 33.Kf2 Ke7 34.Ke3 Ra8 35.Kf2 Rf8 36.Kg3 g4
37.hxg4 Nxg4 38.Bxg4 Rg8 39.Kf2 Rxg4 40.a4 Rf4+ 41.Kg1 Be8 42.Rd3 Bg6 43.Re3 Be8
44.Rd3 Bg6 45.Re3 Be8 46.Rh3  1/2-1/2

[Event "Autumn Open"]
[Site "St Petersburg RUS"]
[Date "2005.11.04"]
[Round "7"]
[White "Kharlamov,I2"]
[Black "Krasnov,Vas"]
[Result "0-1"]
[WhiteElo "1942"]
[BlackElo "2142"]

1.d4 Nf6 2.Nf3 g6 3.c4 Bg7 4.Nc3 O-O 5.e4 d6 6.Be2 e5 7.dxe5 dxe5 8.Qxd8 Rxd8
9.Bg5 c6 10.Nxe5 Re8 11.f4 Na6 12.O-O-O Nc5 13.Bf3 Ne6 14.Bxf6 Bxf6 15.Ng4 Bg7
16.g3 h5 17.Nf2 Nd4 18.Bg2 Be6 19.e5 Red8 20.b3 a5 21.Kb2 f6 22.Nd3 Bg4 23.Rd2 Ne6
24.Ne4 fxe5 25.Nxe5 Rxd2+ 26.Nxd2 Rd8 27.Kc1 g5 28.Nxg4 hxg4 29.fxg5 Nxg5
30.Re1 Kf7 31.Kc2 Rh8 32.Nf1 Bd4 33.Rd1 Ne6 34.Be4 Kf6 35.Rd2 Rh5 36.Re2 Bg1
37.Kc3 Ng5 38.Kd3 Rh8 39.Bh1 Nf7 40.Ne3 Ne5+ 41.Kc2 Bxe3 42.Bxc6 bxc6 43.Rxe3 Rxh2+
44.Kc3 c5 45.a4 Rg2 46.b4 axb4+ 47.Kb3 Nc6 48.a5 Nd4+ 49.Ka4 Ra2+ 50.Ra3 Rxa3+  0-1

[Event "FSIMA November"]
[Site "Budapest HUN"]
[Date "2005.11.05"]
[Round "1"]
[White "Petran,Pa"]
[Black "Stupavski,Z"]
[Result "1-0"]
[WhiteElo "2417"]
[BlackElo "2359"]

1.Nf3 Nf6 2.c4 g6 3.Nc3 Bg7 4.e4 d6 5.d4 O-O 6.Be2 e5 7.O-O exd4 8.Nxd4 Re8
9.f3 Nc6 10.Be3 Nh5 11.Qd2 f5 12.Nxc6 bxc6 13.Bg5 Qd7 14.Rad1 Qf7 15.exf5 gxf5
16.Rfe1 Be6 17.b3 Nf6 18.Bd3 Nd7 19.Ne2 Ne5 20.Bc2 Bd7 21.Ng3 c5 22.Bh6 Bxh6
23.Qxh6 Rf8 24.f4 Nc6 25.Re3 Rae8 26.Nxf5 Bxf5 27.Rg3+ Kh8 28.Bxf5 Nd4 29.Bd3 Re6
30.Qg5 h6 31.Qg4 Qf6 32.f5 Re7 33.Qh5 Rg7 34.Re1 Rxg3 35.hxg3 Kg7 36.Re4  1-0

[Event "TCh-CZE Extraliga 2005-6"]
[Site "Czech Rep CZE"]
[Date "2005.11.05"]
[Round "3"]
[White "Priborsky,J"]
[Black "Stehno,P"]
[Result "0-1"]
[WhiteElo "2307"]
[BlackElo "2337"]

1.c4 Nf6 2.Nf3 g6 3.Nc3 Bg7 4.e4 d6 5.d4 O-O 6.Be2 Nbd7 7.O-O e5 8.Be3 c6
9.d5 Qe7 10.b4 c5 11.bxc5 Nxc5 12.Bxc5 dxc5 13.d6 Qe6 14.Nb5 Ne8 15.Ng5 Qd7
16.Qa4 a6 17.Rfd1 Qd8 18.Nc3 Bd7 19.Qa3 Qxg5 20.Qxc5 Nf6 21.Bf3 Rac8 22.Qb4 a5
23.Qb3 Rc6 24.Nd5 Nxd5 25.Rxd5 Be6 26.Rad1 Bxd5 27.exd5 Rc5 28.d7 e4 29.Bxe4 Qg4
30.Bf3 Qxd7 31.d6 Rd8 32.h3 Be5  0-1

[Event "TCh-BEL 2005-6"]
[Site "Belgium BEL"]
[Date "2005.11.06"]
[Round "3"]
[White "Roeder,M"]
[Black "Iordachescu,V"]
[Result "0-1"]
[WhiteElo "2415"]
[BlackElo "2583"]

1.d4 d6 2.Nf3 g6 3.c4 Bg7 4.Nc3 Nf6 5.e4 O-O 6.Be2 Nbd7 7.O-O e5 8.Re1 c6
9.Rb1 a5 10.Bf1 Re8 11.d5 Nc5 12.Bg5 h6 13.Bh4 g5 14.Bg3 Nh5 15.Nd2 g4 16.b3 Nxg3
17.hxg3 h5 18.a3 Na6 19.b4 axb4 20.axb4 Bh6 21.b5 cxb5 22.cxb5 Nc5 23.b6 Rf8
24.Nc4 f5 25.exf5 Bxf5 26.Rb2 Qf6 27.Nb5 Rad8 28.Nc7 Kh8 29.Qa1 Rf7 30.Qa3 Bf8
31.Qe3 h4 32.Ne6 Nxe6 33.dxe6 Rh7 34.Rd1 Bxe6 35.Nxe5 dxe5 36.Rxd8 Qxd8 37.Bd3 Rh6
38.Rb5 hxg3 39.Rxe5 gxf2+  0-1

[Event "TCh-BEL 2005-6"]
[Site "Belgium BEL"]
[Date "2005.11.06"]
[Round "3"]
[White "Goormachtigh,J"]
[Black "Smits,Mar"]
[Result "1-0"]
[WhiteElo "2231"]
[BlackElo "2259"]

1.d4 Nf6 2.c4 g6 3.Nc3 Bg7 4.e4 d6 5.Be2 O-O 6.Nf3 e5 7.Be3 Ng4 8.Bg5 f6
9.Bc1 Nc6 10.d5 Ne7 11.h3 Nh6 12.h4 Nf7 13.h5 c6 14.Qb3 Rb8 15.Be3 Qa5 16.h6 Bh8
17.dxc6 Nxc6 18.Qb5 Be6 19.Qxa5 Nxa5 20.Nd5 Bxd5 21.cxd5 Rfc8 22.Nd2 b5 23.Bg4 Rc2
24.b3 Rb7 25.Kd1 Rc3 26.Rc1 b4 27.Rxc3 bxc3 28.Nb1 Rc7 29.Kc2 Kf8 30.Rh3 f5
31.exf5 e4 32.fxg6 hxg6 33.Be6 Ne5 34.Bd4 Nd3 35.Bxc3 Nf4 36.Rh1 Ne2 37.Rh3 Nf4
38.Kd2 Nxh3 39.Bxa5 Rc5 40.Bb4 Nf4 41.Bxc5 dxc5 42.g3 Nh5 43.Nc3 e3+ 44.fxe3 Nxg3
45.Kd3 Ke7 46.Nb5 a6 47.Na3 Ba1 48.Nc4 Nh5 49.Bh3 Nf6 50.d6+ Kf7 51.e4 g5
52.Bf5 Ng8 53.h7 Nh6 54.e5  1-0

[Event "British Rapidplay"]
[Site "Halifax ENG"]
[Date "2005.11.13"]
[Round "10"]
[White "Wells,P"]
[Black "Purton,B"]
[Result "1-0"]
[WhiteElo "2513"]
[BlackElo "2107"]

1.Nf3 Nf6 2.c4 d6 3.d4 g6 4.Nc3 Bg7 5.e4 O-O 6.Be2 e5 7.O-O Na6 8.Be3 Ng4
9.Bg5 Qe8 10.dxe5 dxe5 11.Nd2 h5 12.h3 Nh6 13.c5 Nxc5 14.Nd5 f6 15.Nxc7 Qd8
16.Nxa8 fxg5 17.Nb3 Nxe4 18.Qxd8 Rxd8 19.Rad1 Rf8 20.Nc7 Kh7 21.Bc4 Bf6 22.Be6 g4
23.hxg4 hxg4 24.Bxc8 Rxc8 25.Rd7+ Kh8 26.Nd5 Bg5 27.Re1 Nxf2 28.Kxf2 Bh4+
29.g3 Rc2+ 30.Ke3 Bxg3 31.Rh1 Bh2 32.Nf6 Nf5+ 33.Kd3  1-0

[Event "ch-CRO"]
[Site "Vukovar CRO"]
[Date "2005.11.13"]
[Round "7"]
[White "Jovanic,O"]
[Black "Kozul,Z"]
[Result "0-1"]
[WhiteElo "2469"]
[BlackElo "2576"]

1.d4 Nf6 2.c4 g6 3.Nc3 Bg7 4.e4 d6 5.Nf3 O-O 6.Be2 c6 7.O-O e5 8.d5 Na6 9.Be3 Ng4
10.Bg5 f6 11.Bh4 c5 12.Ne1 Nh6 13.f3 Nf7 14.Nd3 Bh6 15.Bf2 f5 16.Rb1 b6 17.b4 Bd7
18.bxc5 Nxc5 19.Nxc5 bxc5 20.Bd3 Bg5 21.Bc2 Qa5 22.Qd3 Qa6 23.Nb5 Bd8 24.Rb3 f4
25.Rfb1 Qc8 26.Ra3 a6 27.Nc3 g5 28.Ba4 Bxa4 29.Nxa4 g4 30.Nb6 Bxb6 31.Rxb6 gxf3
32.Qxf3 Ng5 33.Qe2 Ra7 34.Kh1 f3 35.gxf3 Qh3 36.Bg3 Rg7 37.Qg2 Qh5 38.Rbxa6 Nxe4
39.fxe4 Qd1+ 40.Qg1 Rf1 41.Ra8+ Kf7 42.R8a7+ Kg6 43.Rxg7+ Kxg7 44.Bf2+ Rxg1+
45.Bxg1 Qc2 46.Re3 Qxc4 47.Kg2 Qxa2+ 48.Bf2 c4 49.Kf1 Qd2 50.Rg3+ Kf7 51.h3 Qd1+
52.Be1 Qd4  0-1

[Event "FSIMA November"]
[Site "Budapest HUN"]
[Date "2005.11.14"]
[Round "10"]
[White "Dougherty,M"]
[Black "Stupavski,Z"]
[Result "0-1"]
[WhiteElo "2212"]
[BlackElo "2359"]

1.d4 Nf6 2.c4 g6 3.Nc3 Bg7 4.e4 d6 5.Be2 O-O 6.Nf3 e5 7.O-O exd4 8.Nxd4 Re8
9.f3 Nc6 10.Be3 Nh5 11.Qd2 f5 12.Nxc6 bxc6 13.Bg5 Qd7 14.Rae1 Qf7 15.exf5 gxf5
16.g4 Nf6 17.Bd3 Rxe1 18.Qxe1 Be6 19.b3 Nd7 20.Ne2 Ne5 21.Bc2 fxg4 22.Nd4 Nxf3+
23.Nxf3 gxf3 24.Qe4 Qg6 25.Qe3 Qxc2 26.Qxe6+ Kh8 27.Rxf3 Bd4+  0-1

[Event "TCh-AUT 2005-6"]
[Site "Austria AUT"]
[Date "2005.11.18"]
[Round "1"]
[White "Gyimesi,Z"]
[Black "Polzin,R"]
[Result "1-0"]
[WhiteElo "2624"]
[BlackElo "2514"]

1.d4 Nf6 2.c4 g6 3.Nc3 Bg7 4.e4 d6 5.Nf3 O-O 6.Be2 Na6 7.O-O e5 8.Re1 c6
9.Bf1 exd4 10.Nxd4 Ng4 11.h3 Nxf2 12.Kxf2 Qb6 13.Be3 Qxb2+ 14.Nce2 Nc5 15.Kg1 Re8
16.Rb1 Qxa2 17.Nc3 Qa5 18.Qc2 Bd7 19.Bf2 a6 20.Ra1 Qc7 21.Nf3 b5 22.cxb5 axb5
23.Rxa8 Rxa8 24.e5 b4 25.Bxc5 dxc5 26.Ne4 Bf5 27.Qxc5 Bxe4 28.Rxe4 b3 29.Qc3 Qa7+
30.Kh2 Qf2 31.Qxc6 Ra2 32.Qe8+ Bf8 33.Rf4 Ra7 34.Rxf7 Rxf7 35.Bc4 Qa7 36.Ng5 Qe7
37.Qxf7+  1-0

[Event "TCh-AUT 2005-6"]
[Site "Austria AUT"]
[Date "2005.11.20"]
[Round "3"]
[White "Danner,G"]
[Black "Amann,G"]
[Result "1-0"]
[WhiteElo "2408"]
[BlackElo "2316"]

1.d4 Nf6 2.Nf3 g6 3.c4 Bg7 4.Nc3 d6 5.e4 O-O 6.Be2 Na6 7.O-O e5 8.d5 Nc5
9.Qc2 a5 10.Bg5 h6 11.Be3 b6 12.Nd2 Bg4 13.Bxg4 Nxg4 14.Bxc5 bxc5 15.a4 Qd7
16.Nf3 Nf6 17.Ra3 Nh5 18.Nb5 f5 19.Nh4 Nf4 20.exf5 gxf5 21.Kh1 e4 22.Rg3 Kh7
23.Qd2 Be5 24.Rb3 Nd3 25.g3 Bf6 26.Ng2 Ne5 27.Qe2 Nd3 28.f3 Rae8 29.fxe4 fxe4
30.Nf4 Nxf4 31.Rxf4 Kh8 32.Rxe4 Rxe4 33.Qxe4 Re8 34.Qf3 Qg7 35.Nxc7  1-0

[Event "2nd Bundesliga Ost 2005-6"]
[Site "Austria AUT"]
[Date "2005.11.20"]
[Round "4"]
[White "Knoflicek,C"]
[Black "Hangweyrer,M"]
[Result "1/2-1/2"]
[WhiteElo "2192"]
[BlackElo "2332"]

1.d4 Nf6 2.c4 g6 3.Nc3 Bg7 4.e4 d6 5.Nf3 O-O 6.Be2 e5 7.d5 a5 8.Bg5 h6 9.Bh4 Na6
10.Nd2 Nc5 11.O-O Bd7 12.Qc2 Qe8 13.b3 Nh7 14.Kh1 f5 15.f3 Bf6 16.Bf2 Qe7
17.a3 Bg5 18.b4 axb4 19.axb4 Na6 20.Rab1 Nf6 21.c5 Nh5 22.c6 Bc8 23.cxb7 Bxb7
24.b5 Nc5 25.b6 cxb6 26.Rxb6 Rac8 27.Rfb1 Ba8 28.Nc4  1/2-1/2

[Event "18th Belgrade Trophy"]
[Site "Obrenovac SCG"]
[Date "2005.11.23"]
[Round "2"]
[White "Mirkovic,P"]
[Black "Novovic,V"]
[Result "1/2-1/2"]
[WhiteElo "2147"]
[BlackElo "1859"]

1.d4 Nf6 2.c4 g6 3.Nc3 Bg7 4.e4 d6 5.Nf3 O-O 6.Be2 Nbd7 7.O-O e5 8.d5 h6
9.Rb1 Nc5 10.Qc2 a5 11.b3 Ne8 12.g3 Kh7 13.a3 f5 14.Nd2 Nf6 15.Bd3 Nxd3 16.Qxd3 f4
17.Ne2 Nh5 18.Kh1 Rf7 19.Ng1 Bd7 20.Ndf3 Qf8 21.Bd2 g5 22.Kg2 Qe7 23.b4 a4
24.c5 Raf8 25.cxd6 cxd6 26.b5 Bg4 27.h3 Bd7 28.g4 Nf6 29.Nh2 Rc8 30.Rfc1 Rff8
31.b6 h5 32.f3 hxg4 33.hxg4 Rc5 34.Nh3 Ne8 35.Rxc5 dxc5  1/2-1/2

[Event "18th Belgrade Trophy"]
[Site "Obrenovac SCG"]
[Date "2005.11.23"]
[Round "2"]
[White "Antic,De"]
[Black "Hrzic,I"]
[Result "1-0"]
[WhiteElo "2519"]
[BlackElo "2286"]

1.d4 Nf6 2.c4 g6 3.Nc3 Bg7 4.e4 d6 5.Nf3 O-O 6.Be2 e5 7.O-O exd4 8.Nxd4 Re8
9.f3 Nc6 10.Be3 Nh5 11.Qd2 Nf4 12.Bxf4 Nxd4 13.Bd3 Be6 14.Be3 a5 15.Rfd1 a4
16.Bf1 Nc6 17.Rac1 a3 18.b3 f5 19.Bd3 Ne5 20.Bb1 Qe7 21.Nd5 Qf7 22.exf5 Bxf5
23.Bxf5 gxf5 24.Kh1 b6 25.Re1 Kh8 26.Bd4 Rg8 27.f4 Nc6 28.Bc3 Rae8 29.h3 Re4
30.Rxe4 fxe4 31.Re1 Re8 32.Re3 Re6 33.Bxg7+ Qxg7 34.f5 Re5 35.f6 Qf7 36.Rg3 Rf5
37.Qh6  1-0

[Event "18th Belgrade Trophy"]
[Site "Obrenovac SCG"]
[Date "2005.11.26"]
[Round "5"]
[White "Milanovic,Da"]
[Black "Radovanovic,D"]
[Result "1-0"]
[WhiteElo "2464"]
[BlackElo "2368"]

1.d4 Nf6 2.c4 g6 3.Nc3 Bg7 4.e4 d6 5.Be2 O-O 6.Nf3 e5 7.Be3 Ng4 8.Bg5 f6
9.Bh4 Nc6 10.d5 Ne7 11.Nd2 h5 12.O-O c5 13.a3 Nh6 14.f3 g5 15.Bf2 g4 16.b4 b6
17.bxc5 bxc5 18.Rb1 f5 19.exf5 Nexf5 20.Nde4 gxf3 21.Bxf3 h4 22.h3 Nd4 23.Bh5 Nhf5
24.Bg6 Nh6 25.Qh5 Bf5 26.Be3 Bxg6 27.Qxg6 Nhf5 28.Ng5 Rf6 29.Qh7+ Kf8 30.Rb7  1-0

[Event "IV I Subasic Mem"]
[Site "Zenica BIH"]
[Date "2005.11.26"]
[Round "9"]
[White "Terzic,S"]
[Black "Atalik,S"]
[Result "0-1"]
[WhiteElo "2283"]
[BlackElo "2620"]

1.d4 Nf6 2.c4 g6 3.Nc3 Bg7 4.e4 d6 5.Nf3 O-O 6.Be2 e5 7.O-O exd4 8.Nxd4 Re8
9.f3 c6 10.Kh1 a6 11.Bg5 h6 12.Bh4 Nbd7 13.Qd2 Nxe4 14.Nxe4 Qxh4 15.Nb3 Rxe4
16.fxe4 Be5 17.g3 Bxg3 18.Bf3 Ne5 19.Qg2 Bf4 20.Qf2 Qxf2 21.Rxf2 Be3 22.Rff1 Nxc4
23.Be2 Be6 24.Rad1 Bb6 25.Nd4 Nxb2 26.Nxe6 Nxd1 27.Rxd1 fxe6 28.Rxd6 Bc5
29.Rxe6 Kg7 30.e5 Rd8 31.Bc4 Rd4 32.Bb3 Rg4 33.h3 Rg1+ 34.Kh2 Rg5 35.Kh1 Rf5
36.Kg2 h5 37.Kg3 Rxe5 38.Kf3 Rf5+ 39.Ke2 Rf2+ 40.Kd1 Rf3 41.Bc2 Rg3 42.h4 Bb4
43.Bb3 Rg1+ 44.Kc2 Re1 45.a4 Rxe6 46.Bxe6 b6  0-1

[Event "ch-ROM"]
[Site "Baile Tusnad ROM"]
[Date "2005.11.27"]
[Round "2"]
[White "Dragomirescu,C"]
[Black "Sofronie,I"]
[Result "1/2-1/2"]
[WhiteElo "2264"]
[BlackElo "2434"]

1.d4 Nf6 2.c4 g6 3.Nc3 Bg7 4.e4 d6 5.Nf3 O-O 6.Be2 e5 7.Be3 Ng4 8.Bg5 f6
9.Bc1 Nc6 10.d5 Ne7 11.h3 Nh6 12.h4 c6 13.h5 g5 14.Qb3 cxd5 15.cxd5 g4 16.Nh4 f5
17.Bd2 a6 18.O-O-O b5 19.f3 f4 20.g3 Kh8 21.Rdg1 gxf3 22.Bxf3 Bf6 23.Ng2 Bg4
24.Qd1 Qc8 25.Kb1 Bxf3 26.Qxf3 Qg4 27.Rf1 Rg8 28.Ne2 Qxf3 29.Rxf3 Nf7 30.Bc3 Ng5
31.Rxf4 Rgf8 32.Rg4 Ng8 33.Rf1 Be7 34.Rxf8 Rxf8 35.Nh4 Nh6 36.Rf4 Kg8 37.Rxf8+ Bxf8
38.a4 bxa4 39.Bb4 Nxe4 40.Ka2 Nf6 41.Nc3 e4 42.Ka3 e3 43.Kxa4 Nxh5 44.Ne2 Bg7
45.Bxd6 Bxb2 46.Bc5 Nf6 47.Bxe3 Nhg4 48.Bd4 Bxd4 49.Nxd4  1/2-1/2

[Event "ch-ROM"]
[Site "Baile Tusnad ROM"]
[Date "2005.11.28"]
[Round "3"]
[White "Manolache,M"]
[Black "Nemeth,F"]
[Result "0-1"]
[WhiteElo "2475"]
[BlackElo "2426"]

1.d4 Nf6 2.c4 g6 3.Nc3 Bg7 4.e4 O-O 5.Be2 d6 6.Nf3 e5 7.O-O Na6 8.Re1 c6
9.Bf1 Bg4 10.d5 c5 11.h3 Bd7 12.a3 Kh8 13.Nb5 Ne8 14.Bg5 f6 15.Bd2 Qe7 16.Nh2 Rf7
17.Ra2 Qf8 18.Qc1 f5 19.exf5 gxf5 20.f4 e4 21.Bc3 Bxb5 22.cxb5 Nac7 23.Bc4 Bd4+
24.Kh1 Nf6 25.Rd1 Ncxd5 26.Bxd4 cxd4 27.Rxd4 Rc7 28.b3 Nb6 29.Qa1 Rac8 30.Rd1 d5
31.Be2 Qg7 32.Qe5 Rc2 33.Rxc2 Rxc2 34.Re1 Nbd7 35.Qa1 Qg3 36.Nf1 Qf2 37.Qd1 Ra2
38.Nd2 d4 39.Qc1 d3 40.Bxd3 Rxd2 41.Bf1 e3 42.b6 axb6 43.Qa1 e2 44.Bxe2 Rxe2
45.Rxe2 Qxe2 46.Qc1 Kg7 47.Qc7 Qd1+ 48.Kh2 Qd2 49.Kh1 Nh5 50.Qxb7 Nxf4 51.Qf3 Qxg2+
52.Qxg2+ Nxg2 53.Kxg2 Kf6 54.Kf3 Ke5 55.h4 h5 56.Ke3 f4+  0-1

[Event "18th Belgrade Trophy"]
[Site "Obrenovac SCG"]
[Date "2005.11.28"]
[Round "7"]
[White "Mirkovic,St"]
[Black "Stefanovic,M"]
[Result "1-0"]
[WhiteElo "2186"]
[BlackElo "2086"]

1.Nf3 Nf6 2.c4 g6 3.Nc3 Bg7 4.e4 d6 5.d4 O-O 6.Be2 e5 7.O-O exd4 8.Nxd4 Re8
9.f3 Nc6 10.Be3 Nh5 11.Nxc6 bxc6 12.g4 Nf6 13.Qd2 h5 14.g5 Nh7 15.Kh1 Qe7
16.Rad1 Bb7 17.Bd3 d5 18.Na4 d4 19.Bf4 a5 20.c5 Bc8 21.Qg2 h4 22.b3 Nf8 23.Bd2 Nd7
24.Rc1 Ne5 25.Be2 d3 26.Bd1 h3 27.Qg3 Rd8 28.f4 Nd7 29.e5 Nf8 30.Bf3 Bf5
31.Bxc6 Ra6 32.Bb7 Ra7 33.Bf3 Ne6 34.Be3 Nd4 35.Rfd1 Qe6 36.Rd2 Nc2 37.Rcxc2  1-0

[Event "18th Belgrade Trophy"]
[Site "Obrenovac SCG"]
[Date "2005.11.29"]
[Round "8"]
[White "Brakus,D"]
[Black "Bozovic,V"]
[Result "0-1"]
[WhiteElo "2051"]
[BlackElo "2183"]

1.d4 Nf6 2.c4 g6 3.Nf3 Bg7 4.Nc3 O-O 5.e4 d6 6.Be2 e5 7.Be3 Ng4 8.Bg5 f6
9.Bc1 Nc6 10.d5 Ne7 11.b4 a5 12.bxa5 Rxa5 13.Nd2 f5 14.Bxg4 fxg4 15.Nb3 Ra8
16.O-O Rf4 17.c5 g5 18.Bxf4 exf4 19.cxd6 cxd6 20.Rc1 Be5 21.Nd4 Qf8 22.Ne6 Bxe6
23.dxe6 f3 24.g3 Qh6 25.Kh1 Qxe6 26.Nd5 Nxd5 27.exd5 Qh6 28.Qc2 Rf8 29.Rg1 Bd4
30.Qe4 Bxf2 31.Qxg4 Bxg1 32.Rxg1 Qg6 33.h4 h5 34.Qxg5 Qxg5 35.hxg5 Kg7 36.Rb1 Kg6
37.Kg1 f2+ 38.Kf1 Kxg5 39.Rxb7 Kg4 40.Rg7+ Kf3 41.Rg6 Rf5 42.Rxd6 Kxg3 43.Rg6+ Kf3
44.Rg2 Rxd5 45.Rxf2+ Kg3 46.Rg2+ Kh3 47.Rb2 Rd1+ 48.Kf2 h4 49.Rb3+ Kh2 50.Rb4 h3
51.a4 Ra1 52.Rg4 Ra2+ 53.Kf1 Rg2 54.Rh4 Rg5 55.Kf2 Rf5+ 56.Ke2 Kg3 57.Rh8 h2  0-1